Every Governor of Alaska - Statistics

General Stats
  • This quiz has been taken 75 times
  • The average score is 5 of 14
Answer Stats
Picture Hint Answer % Correct
R(2006-2009) Sarah Palin
92%
R(2018-) Mike Dunleavy
71%
R(2002-2006) Frank Murkowski
58%
I(2014-2018) Bill Walker
50%
R(2009-2014) Sean Parnell
33%
D(1994-2002) Tony Knowles
29%
AI(1990-1994) Wally Hickel
29%
R(1966-1969) Wally Hickel
29%
R(1974-1982) Jay Hammond
25%
D(1970-1974) William A. Egan
25%
D(1959-1966) William A. Egan
25%
R(1969-1970) Keith Harvey Miller
21%
D(1986-1990) Steve Cowper
21%
D(1982-1986) Bill Sheffield
17%
No matching quizzes found
Score Distribution
Percent of People with Each Score
Percentile by Number Answered
Your Score History
You have not taken this quiz